000 00483nam a2200181 a 4500
001 1770888359900
003 YourLibrary
005 20260212145935.0
008 260212s2009##################000#0#eng##
020 _a9781742168944
082 0 4 _a330.16
_bMES
100 1 _aMesiti, Pat,
_eauthor.
245 1 0 _aThe
_1 Million Reason to Change Your Mind :
260 _bWiley,
_c2009.
650 0 _aBusiness & Economics.
942 _cENGLISH
040 _aYourLibrary
_beng
_cYourLibrary
999 _c611996
_d611996